| 000 | 00339cam a22001217a 4500 | ||
|---|---|---|---|
| 008 | 180718b1985 xxu||||| |||| 00| 0 eng d | ||
| 082 | _aAAx54 En19 | ||
| 100 | _aSubrahmanian, N.S. | ||
| 245 |
_aEncyclopaedia of the upanisads _cby N.S. Subrahmanian |
||
| 260 |
_aNew Delhi _bSterling _c1985 |
||
| 300 | _a564p. | ||
| 650 | _aPhilosophy, Indian | ||
| 999 |
_c344275 _d344275 |
||